000 01060nam a2200277 a 4500
001 21211
003 BD-RjUL
005 20211209000648.0
008 880808s1933 onc 000 0 eng
035 _a(BD-RjUL)21275
040 _aDLC
_cMUB
_dm.c
_dBD-RjUL
_beng
041 _aeng
082 _a804.23
_bKNC 1962
100 1 _aKnight, George Wilson,
_d1897-
_956919
245 1 4 _aThe Christian renaissance, with interpretations of Dante, Shakespeare, and Goethe, and new discussions of oscar wilde and the gospel of thomas /
_cby G. Wilson Knight.
260 _aToronto :
_bMacmillan,
_c1933.
300 _ax, 374 p. :
_c23 cm.
600 0 0 _aDante Alighieri,
_d1265-1321
_xCriticism and interpretation.
_965581
600 1 0 _aShakespeare, William,
_d1564-1616
_xCriticism and interpretation.
_965582
600 1 0 _aGoethe, Johann Wolfgang von,
_d1749-1832
_xCriticism and interpretation.
_965583
650 0 _aReligion in literature.
_955235
650 0 _aChristianity.
_965572
650 0 _aBible as literature.
_965573
942 _2ddc
_cBK
999 _c21211
_d21211